DISCOVERING THE LIFE SPAN (Record no. 10558)
[ view plain ]
| 000 -LEADER | |
|---|---|
| fixed length control field | 00259nam a22001217a 4500 |
| 003 - CONTROL NUMBER IDENTIFIER | |
| control field | SGT |
| 082 ## - DEWEY DECIMAL CLASSIFICATION NUMBER | |
| Classification number | 151 |
| Item number | D11F |
| 100 ## - MAIN ENTRY--PERSONAL NAME | |
| Personal name | FELDMAN,ROBERT S. |
| 245 ## - TITLE STATEMENT | |
| Title | DISCOVERING THE LIFE SPAN |
| 260 ## - PUBLICATION, DISTRIBUTION, ETC. (IMPRINT) | |
| Place of publication, distribution, etc | DELHI |
| Name of publisher, distributor, etc | PEARSON |
| Year of Publication | 2011 |
| 300 ## - PAGE DESCRIPTION | |
| No. of Pages | 394 |
| 942 ## - ADDED ENTRY ELEMENTS (KOHA) | |
| Source of classification or shelving scheme | Dewey Decimal Classification |
| Koha item type | Books |
| Withdrawn status | Lost status | Source of classification or shelving scheme | Damaged status | Not for loan | Collection code | Home library | Current library | Shelving location | Date acquired | Vendor Name | Cost, normal purchase price | SGTU | Bill Number | Full call number | Accession No. (Barcode) | Date last seen | Bill Date | Koha item type |
|---|---|---|---|---|---|---|---|---|---|---|---|---|---|---|---|---|---|---|
| Dewey Decimal Classification | Not For Loan | MEDICAL | SGT Medical Library | SGT Medical Library | Reference Book | 20/01/2017 | ABC | 399.00 | SGTU | 7043 | 151 D11F | FM7936 | 20/01/2017 | 09/07/2016 | Books |